| 000 | 00463nam a2200169Ia 4500 | ||
|---|---|---|---|
| 008 | 230524s9999 xx 000 0 und d | ||
| 082 |
_a612 _bCHA |
||
| 100 |
_aPamela C.Champe _923860 |
||
| 245 | 0 | _aBiochemistry (Lippincott's Illustrated Reviews) | |
| 250 | _a3RD | ||
| 260 |
_aNEWYORK _bJaypee _c2005 |
||
| 300 | _aIX;509 | ||
| 500 | _aQuantity Number: 1 | ||
| 650 | _aBiomedical | ||
| 700 |
_a" Richard A.Harvey, Denise R.Ferrier,,," _923861 |
||
| 942 | _cBK | ||
| 999 |
_c35330 _d35330 |
||